000 00549cam a22001457a 4500
008 180718b1974 xxu||||| |||| 00| 0 eng d
082 _aB084 In7/45
100 _aVan Raay, Hans G.T.
245 _aFodder resources and grazing management in a savanna environment: an ecosystem approach
_cby Hans G.T. Van Raay,and Peter N. de Leeuw
260 _aThe Hague
_bInstitute of Social Studies
_c1974
300 _a31p.
440 _aInstitute of Social Studies Occasional papers No.45
650 _aLivestock Farms - Nigeria
700 _aLeeuw, Peter N. de
999 _c477711
_d477711